000 00717nam a2200205 a 4500
001 000543938
003 AM-YeHGA
005 20250617161249.0
008 070706s1969 r 000 0 rus d
040 _aAM-YeHGA
041 0 _arus
100 1 _aБазанов, Александр Федорович
245 1 0 _aПодъемно-транспортные машины :
_bУчебник /
_cА.Ф. Базанов.
260 _aМосква :
_bСтройиздат,
_c1969.
300 _a312 с. :
_bил.
500 _aПрилож. : с. 306-307
504 _aБиблиогр. 30 назв.
650 1 4 _aПодъемно-транспортное оборудование в целом
090 _c471556
999 _c468318
_d468318